<?xml version="1.0" encoding="UTF-8"?>
<record
    xmlns:xsi="http://www.w3.org/2001/XMLSchema-instance"
    xsi:schemaLocation="http://www.loc.gov/MARC21/slim http://www.loc.gov/standards/marcxml/schema/MARC21slim.xsd"
    xmlns="http://www.loc.gov/MARC21/slim">

  <leader>01366nam a22002417a 4500</leader>
  <datafield tag="999" ind1=" " ind2=" ">
    <subfield code="c">22018</subfield>
    <subfield code="d">22018</subfield>
  </datafield>
  <controlfield tag="003">AR-CdUCM</controlfield>
  <controlfield tag="008">190425b           ||||| |||| 00| 0 spa d</controlfield>
  <datafield tag="040" ind1=" " ind2=" ">
    <subfield code="a">MUNICIPALIDAD PROVINCIAL DEL CUSCO</subfield>
    <subfield code="c">BIBLIOTECA MUNICIPAL DEL CUSCO</subfield>
  </datafield>
  <datafield tag="082" ind1=" " ind2=" ">
    <subfield code="a">Cuzcoactual/N&#xB0;4/1954</subfield>
  </datafield>
  <datafield tag="245" ind1=" " ind2=" ">
    <subfield code="a">Cuzco actual /</subfield>
  </datafield>
  <datafield tag="260" ind1=" " ind2=" ">
    <subfield code="a">Cusco.</subfield>
    <subfield code="b">Noticias e informaciones,</subfield>
    <subfield code="b">Futuro,</subfield>
    <subfield code="c">1954.</subfield>
  </datafield>
  <datafield tag="300" ind1=" " ind2=" ">
    <subfield code="a">41 p&#xE1;ginas. :</subfield>
    <subfield code="c">16 cm.</subfield>
  </datafield>
  <datafield tag="440" ind1=" " ind2=" ">
    <subfield code="a">Cuzco Actual.</subfield>
    <subfield code="n">N&#xB0;4,1954</subfield>
    <subfield code="9">47178</subfield>
  </datafield>
  <datafield tag="505" ind1=" " ind2=" ">
    <subfield code="a">Contenido: M&#xE9;dicos ind&#xED;genas para campesinos. -- El problema del indio es un problema de civilizaci&#xF3;n. -- Canto a la reina del cachimbo, poes&#xED;a, prosa. -- Exposici&#xF3;n de la Junta de Reconstrucci&#xF3;n del Cusco. -- Reconstrucci&#xF3;n de monumentos el caso del cemento. -- Alumbrado el&#xE9;ctrico hombres en la junta. -- Unas aclaraciones sobre la Liga del Ni&#xF1;o. -- Liga femenina de D. del N. desamparado. -- Por las sendas de la literatura. -- Calca pintoresco. -- La c&#xE1;rcel centro de degenaraci&#xF3;n f&#xED;sica y moral. -- Miscelania. -- La semana del Cuzco. -- Distritalizaci&#xF3;n de Huanchac...</subfield>
  </datafield>
  <datafield tag="650" ind1=" " ind2=" ">
    <subfield code="a">Historias del Cusco</subfield>
    <subfield code="9">47166</subfield>
  </datafield>
  <datafield tag="650" ind1=" " ind2=" ">
    <subfield code="a">Provincias del Cusco</subfield>
    <subfield code="9">34880</subfield>
  </datafield>
  <datafield tag="650" ind1=" " ind2=" ">
    <subfield code="a">Siglo XX</subfield>
    <subfield code="9">47176</subfield>
  </datafield>
  <datafield tag="700" ind1=" " ind2=" ">
    <subfield code="a">Barrionuevo Navarro, Leandro</subfield>
    <subfield code="e">Director</subfield>
    <subfield code="9">47177</subfield>
  </datafield>
  <datafield tag="700" ind1=" " ind2=" ">
    <subfield code="a">Barrionuevo S&#xE1;nchez, Armando</subfield>
    <subfield code="e">Director</subfield>
    <subfield code="9">31129</subfield>
  </datafield>
  <datafield tag="700" ind1=" " ind2=" ">
    <subfield code="a">Estrada, Alcides</subfield>
    <subfield code="9">47179</subfield>
  </datafield>
  <datafield tag="942" ind1=" " ind2=" ">
    <subfield code="2">ddc</subfield>
    <subfield code="c">PP</subfield>
  </datafield>
  <datafield tag="945" ind1=" " ind2=" ">
    <subfield code="a">vhl</subfield>
  </datafield>
  <datafield tag="952" ind1=" " ind2=" ">
    <subfield code="0">0</subfield>
    <subfield code="2">ddc</subfield>
    <subfield code="4">0</subfield>
    <subfield code="7">0</subfield>
    <subfield code="a">HEM</subfield>
    <subfield code="b">HEM</subfield>
    <subfield code="c">CART</subfield>
    <subfield code="d">2022-02-10</subfield>
    <subfield code="g">10.00</subfield>
    <subfield code="o">Cuzcoactual/N&#xB0;4/1954</subfield>
    <subfield code="p">REVC000588</subfield>
    <subfield code="r">2022-02-10</subfield>
    <subfield code="y">PP</subfield>
  </datafield>
  <datafield tag="952" ind1=" " ind2=" ">
    <subfield code="0">0</subfield>
    <subfield code="2">ddc</subfield>
    <subfield code="4">0</subfield>
    <subfield code="7">0</subfield>
    <subfield code="a">HEM</subfield>
    <subfield code="b">HEM</subfield>
    <subfield code="c">CART</subfield>
    <subfield code="d">2022-02-10</subfield>
    <subfield code="g">10.00</subfield>
    <subfield code="o">Cuzcoactual/N&#xB0;4/1954/e.2</subfield>
    <subfield code="p">REVC000909</subfield>
    <subfield code="r">2022-02-10</subfield>
    <subfield code="y">PP</subfield>
  </datafield>
</record>
